000 00598nam a2200193Ia 4500
003 GCL
005 20240530102452.0
008 140319s9999 xx 000 0 ara d
040 _aGCL /
_cGCL
082 0 4 _a812.009
_bع ق
100 _aعزالدين اسماعيل
245 1 0 _aقضايا الانسان فى الادب المسرحى المعاصر \
_cعزالدين اسماعيل
260 _a[S.N] :
_bدار الفكر العربى ،
_c1980
300 _a392 ص
650 0 4 _aالادب العربى
650 0 4 _aالمسرح
650 0 4 _aتاريخ ونقد
942 _2ddc
_cBK
999 _c32469
_d32469